| Tag |
First Indicator |
Second Indicator |
Subfields |
| LEADER |
00000cam a22000001a 4500 |
| 001 |
in00003662749 |
| 005 |
20190408173701.0 |
| 006 |
m o d f |
| 007 |
cr bn mmmapmmp |
| 008 |
141124m19301931dcu o f000 0 eng d |
| 035 |
|
|
|a ebd191002502
|
| 040 |
|
|
|a UMI
|c UMI
|d UtOrBLW
|
| 086 |
0 |
|
|a T 22.33:4/1-12
|
| 099 |
|
|
|a T22.33-4
|
| 110 |
1 |
|
|a United States.
|b Department of the Treasury.
|b Bureau of Accounts.
|0 http://id.loc.gov/authorities/names/n82075628
|
| 245 |
1 |
0 |
|a Internal revenue news, Vol. 4, No. 1-12.
|
| 264 |
|
1 |
|a [Washington] :
|b GPO,
|c 1930-1931.
|
| 300 |
|
|
|a 1 online resource (282+ovolumes pages)
|
| 336 |
|
|
|a text
|b txt
|2 rdacontent
|
| 337 |
|
|
|a computer
|b c
|2 rdamedia
|
| 338 |
|
|
|a online resource
|b cr
|2 rdacarrier
|
| 500 |
|
|
|a Series of monthly reports published for information and guidance of Bureau of Internal Revenue employees. Reports include notes on Bureau operations and personnel, tax laws and regulations, court decisions, and related material.
|
| 533 |
|
|
|a Electronic reproduction.
|b [Bethesda, Md.] :
|c ProQuest,
|d 2014.
|e digital, PDF file.
|n ProQuest U.S. Executive Branch Documents
|n Mode of access: World Wide Web via ProQuest website.
|
| 588 |
|
|
|a Record is based on online resource; title from PDF title page (ProQuest, last viewed Nov. 2014). Reuse except for individual research requires license from ProQuest, LLC.
|
| 500 |
|
|
|a Electronic resource.
|
| 650 |
|
0 |
|a Income tax.
|0 http://id.loc.gov/authorities/subjects/sh85064772
|
| 650 |
|
0 |
|a Internal revenue.
|0 http://id.loc.gov/authorities/subjects/sh85067349
|
| 650 |
|
0 |
|a Taxation
|x Law and legislation.
|0 http://id.loc.gov/authorities/subjects/sh85132851
|
| 655 |
|
7 |
|a Electronic books.
|2 local
|
| 856 |
4 |
0 |
|u http://proxy.library.tamu.edu/login?url=http://congressional.proquest.com/congressional/docview/t66.d71.t22.33-4
|z Connect to the full text of this electronic document
|t 0
|
| 999 |
f |
f |
|s 22cfb328-4b51-3cf5-90e5-f8480b91f991
|i 374be804-291c-37c1-96aa-9d9b3bef3460
|t 0
|
| 952 |
f |
f |
|a Texas A&M University
|b College Station
|c Electronic Resources
|d Available Online
|t 0
|h No information provided
|
| 998 |
f |
f |
|t 0
|l Available Online
|